[Event "32.Schlosspark-Open"]
[Site "Wiesbaden-Biebrich"]
[Date "2023.08.24"]
[Round "1.1"]
[White "Khenkin, Igor"]
[Black "Gürtler, Karlheinz"]
[Result "1-0"]
[WhiteElo "2508"]
[BlackElo "1865"]
[PlyCount "81"]
[EventDate "2023.??.??"]
[WhiteTeam "Wiesbadener SV 1885"]
[BlackTeam "SC Ober-Ramstadt"]

1. d4 d6 2. Nf3 Nd7 3. c4 e5 4. Nc3 c6 5. e4 a6 6. Be2 b5 7. d5 cxd5 8. Nxd5 Ngf6 9. cxb5 Nxd5 10. Qxd5 Nb6 11. Qd1 Be7 12. Be3 O-O 13. a4 a5 14. b4 d5 15. bxa5 Rxa5 16. Bd2 Ra8 17. Nxe5 Qc7 18. Nc6 Bf6 19. e5 Bxe5 20. Nxe5 Qxe5 21. O-O Rxa4 22. Rxa4 Nxa4 23. Bf3 Nb2 24. Qa1 Bb7 25. Re1 Qf6 26. h3 h6 27. Qa7 Nd3 28. Re3 Qb2 29. Be2 Nf4 30. Bf1 d4 31. Qxb7 dxe3 32. Bxe3 Ne6 33. Bc4 Qa1+ 34. Kh2 Qe5+ 35. g3 Nc5 36. Qa7 Ne6 37. b6 Qb8 38. b7 g5 39. Qa6 Kg7 40. Ba7 Qd6 41. Qxd6 1-0

[Event "32.Schlosspark-Open"]
[Site "Wiesbaden-Biebrich"]
[Date "2023.08.24"]
[Round "1.2"]
[White "Kolker, Vladislav"]
[Black "Pfreundt, Jakob"]
[Result "0-1"]
[WhiteElo "1863"]
[BlackElo "2427"]
[PlyCount "66"]
[EventDate "2023.??.??"]
[WhiteTeam "SC Bad Nauheim"]
[BlackTeam "HSK Lister Turm"]

1. e4 c6 2. Nf3 d5 3. exd5 cxd5 4. Ne5 a6 5. d4 g6 6. Bd3 Bg7 7. f4 Nh6 8. O-O f6 9. Nf3 Nc6 10. c3 O-O 11. Nbd2 Bf5 12. Bxf5 Nxf5 13. Nb3 b6 14. Qe2 Qd7 15. a4 a5 16. Re1 Nd6 17. Nbd2 Rae8 18. c4 e6 19. b3 e5 20. cxd5 Nxd4 21. Nxd4 exd4 22. Qf2 Rxe1+ 23. Qxe1 Re8 24. Qf1 f5 25. Bb2 Ne4 26. Nc4 Qxd5 27. Nxb6 Qxb3 28. Qc4+ Qxc4 29. Nxc4 Rb8 30. Ba3 d3 31. Rd1 Bd4+ 32. Kf1 Nc3 33. Rc1 Rc8 0-1

[Event "32.Schlosspark-Open"]
[Site "Wiesbaden-Biebrich"]
[Date "2023.08.24"]
[Round "1.3"]
[White "Smith, Bryan"]
[Black "Trenz, Finn"]
[Result "1-0"]
[WhiteElo "2378"]
[BlackElo "1837"]
[PlyCount "63"]
[EventDate "2023.??.??"]
[WhiteTeam "Philadelphia,PA"]
[BlackTeam "SV Multatuli Ingelheim e.V."]

1. e4 c6 2. d4 d5 3. e5 Bf5 4. h4 h6 5. Bd3 Bxd3 6. Qxd3 e6 7. h5 Nd7 8. Nf3 Ne7 9. c3 c5 10. Na3 Nc6 11. Nc2 Be7 12. Bd2 a6 13. Rh3 Qb6 14. Rb1 O-O-O 15. b4 c4 16. Qe2 f6 17. a4 fxe5 18. dxe5 Qc7 19. Bf4 Rhf8 20. g3 Bg5 21. Qe3 Bxf4 22. gxf4 Qb6 23. a5 Qxe3+ 24. fxe3 b6 25. Ncd4 Nxd4 26. Nxd4 Rde8 27. axb6 Kb7 28. Ke2 Kxb6 29. Rg3 Rf7 30. Rbg1 Ree7 31. f5 Nf8 32. fxe6 1-0

[Event "32.Schlosspark-Open"]
[Site "Wiesbaden-Biebrich"]
[Date "2023.08.24"]
[Round "1.4"]
[White "Busch, Malte"]
[Black "Lammers, Markus"]
[Result "0-1"]
[WhiteElo "1825"]
[BlackElo "2340"]
[PlyCount "21"]
[EventDate "2023.??.??"]
[WhiteTeam "SC 1979 Hattersheim"]
[BlackTeam "HSK Lister Turm"]

1. Nc3 c5 2. e4 e6 3. f4 Nc6 4. Nf3 Nf6 5. Bb5 Nd4 6. Bc4 a6 7. e5 d5 8. exd6 b5 9. Bd3 Bb7 10. Nxd4 cxd4 11. Nxb5 0-1

[Event "32.Schlosspark-Open"]
[Site "Wiesbaden-Biebrich"]
[Date "2023.08.24"]
[Round "1.5"]
[White "Stork, Oliver"]
[Black "Hipler, Andreas"]
[Result "1-0"]
[WhiteElo "2327"]
[BlackElo "1770"]
[PlyCount "57"]
[EventDate "2023.??.??"]
[WhiteTeam "Klub Kölner SF e. V."]
[BlackTeam "SK Gau-Algesheim"]

1. e4 c6 2. Nc3 d5 3. Nf3 Bg4 4. h3 Bxf3 5. Qxf3 e6 6. Be2 Nf6 7. O-O Be7 8. e5 Nfd7 9. d4 c5 10. Qg3 g6 11. dxc5 Nc6 12. Bh6 Bxc5 13. Rad1 Bd4 14. Nb5 Bxe5 15. f4 Bb8 16. c4 Qb6+ 17. Kh1 Ne7 18. cxd5 Nxd5 19. Rxd5 exd5 20. Qc3 f6 21. Qc8+ Qd8 22. Qxb7 Qe7 23. Bf3 Nb6 24. Qc6+ Kd8 25. Rd1 Bc7 26. Bxd5 Kc8 27. Be6+ Kb8 28. Rd7 Nxd7 29. Qxc7# 1-0

[Event "32.Schlosspark-Open"]
[Site "Wiesbaden-Biebrich"]
[Date "2023.08.24"]
[Round "1.6"]
[White "Flackus, Stefan"]
[Black "Gutman, Lev"]
[Result "0-1"]
[WhiteElo "1832"]
[BlackElo "2325"]
[PlyCount "92"]
[EventDate "2023.??.??"]
[WhiteTeam "Vorw.Orient Mainz"]
[BlackTeam "SV Lingen"]

{[%evp 0,92,27,10,46,40,103,48,59,52,53,44,48,40,39,1,-3,-6,14,-15,-5,-34,-23,-17,7,8,32,-13,-5,-64,-32,-28,-39,-44,-39,-61,-60,-59,-71,-37,-38,-47,-33,-33,-13,-187,-177,-351,-340,-412,-322,-337,-243,-224,-266,-284,-316,-302,-335,-312,-336,-521,-526,-526,-526,-535,-583,-583,-568,-583,-665,-784,-786,-775,-657,-664,-388,-389,-410,-414,-416,-421,-395,-391,-408,-413,-338,-360,-367,-373,-373,-422,-419,-445,-465]} 1. e4 c5 2. Nf3 d6 3. Bb5+ Nc6 4. O-O Bd7 5. d4 cxd4 6. Nxd4 Nf6 7. Nxc6 bxc6 8. Bd3 g6 9. Bf4 Bg7 10. c3 O-O 11. Nd2 a5 12. Nc4 a4 13. Bc2 d5 14. Na3 Bg4 15. Qb1 Qb6 16. Be3 Qc7 17. f3 Be6 18. exd5 Nxd5 19. Bf2 Rab8 20. Qc1 Qf4 21. Qxf4 Nxf4 22. Bxa4 Rxb2 23. Bxc6 Rc8 24. Be4 f5 25. Bc2 Rxc3 26. Bb3 Bxb3 27. axb3 Rbxb3 28. Nb1 Rc2 29. Ra8+ Kf7 30. Ra3 Rbb2 31. Ra4 Nd3 32. Bg3 Rxg2+ 33. Kh1 g5 34. f4 gxf4 35. Bxf4 Nxf4 36. Rfxf4 Rxh2+ 37. Kg1 Rxb1+ 38. Kxh2 Be5 39. Kg2 Bxf4 40. Rxf4 e6 41. Ra4 Kg6 42. Ra6 Re1 43. Kf2 Re4 44. Kf3 h5 45. Kg3 h4+ 46. Kh3 Kg5 0-1

[Event "32.Schlosspark-Open"]
[Site "Wiesbaden-Biebrich"]
[Date "2023.08.24"]
[Round "1.7"]
[White "Dolzhykova, Kateryna"]
[Black "Weber, Nikita"]
[Result "1-0"]
[WhiteElo "2307"]
[BlackElo "1650"]
[PlyCount "123"]
[EventDate "2023.??.??"]
[WhiteTeam "SV Oberursel"]
[BlackTeam "Vorw.Orient Mainz"]

1. e4 c6 2. d3 d5 3. Nd2 dxe4 4. dxe4 Nd7 5. Ngf3 Qc7 6. b3 e5 7. Bb2 Bc5 8. g3 f6 9. Bc4 b5 10. Bxg8 Rxg8 11. Nh4 Nf8 12. f4 Qb6 13. Qh5+ g6 14. Qf3 exf4 15. O-O-O Ne6 16. gxf4 Nd4 17. Qg2 Be6 18. c3 g5 19. cxd4 gxh4 20. Qf2 Be7 21. Qxh4 O-O-O 22. f5 Bf7 23. e5 h5 24. Rhg1 Qa5 25. Rxg8 Rxg8 26. Kb1 Rg4 27. Qf2 Bd5 28. Qe3 fxe5 29. Qxe5 Qd8 30. f6 Bxf6 31. Qxh5 Rh4 32. Qf5+ Kb7 33. Qf2 Qh8 34. Nf1 Be4+ 35. Ka1 Bd5 36. Rd3 Be4 37. Rd2 Bd5 38. Ne3 Bxd4 39. Rxd4 Rxd4 40. Qg1 Bf3 41. Nf5 Rd1+ 42. Qxd1 Qxb2+ 43. Kxb2 Bxd1 44. h4 Kc7 45. b4 Bh5 46. Kc3 Kb6 47. Kd4 a5 48. a3 axb4 49. axb4 Kc7 50. Kc5 Bf3 51. Nd4 Be4 52. h5 Kd7 53. h6 Ke7 54. Nxc6+ Kf6 55. Kxb5 Bd3+ 56. Kc5 Be2 57. Ne5 Ba6 58. b5 Bb7 59. b6 Ba8 60. Kd6 Bb7 61. Kc7 Ba8 62. b7 1-0

[Event "32.Schlosspark-Open"]
[Site "Wiesbaden-Biebrich"]
[Date "2023.08.24"]
[Round "1.8"]
[White "Mohammadzadeh, Daris"]
[Black "Neukirchner, Pascal"]
[Result "0-1"]
[WhiteElo "1701"]
[BlackElo "2279"]
[PlyCount "80"]
[EventDate "2023.??.??"]
[WhiteTeam "Vorw.Orient Mainz"]
[BlackTeam "SK Gründau"]

1. e4 c5 2. Nc3 g6 3. d4 cxd4 4. Qxd4 Nf6 5. Nf3 Nc6 6. Qd3 Bg7 7. Nd5 O-O 8. c3 d6 9. Bg5 h6 10. Bxf6 exf6 11. Ne3 Re8 12. Be2 Qe7 13. Nd5 Qxe4 14. Qxe4 Rxe4 15. Nd2 Re5 16. Nc7 Rb8 17. Nc4 Re7 18. Nd5 Re8 19. Nde3 Bf8 20. O-O-O Re6 21. Rd2 b5 22. Na3 b4 23. cxb4 Nxb4 24. Bc4 Re8 25. Nac2 Nxc2 26. Kxc2 Be6 27. Kb1 Rec8 28. Bd5 f5 29. Re1 Rc5 30. Bf3 Bg7 31. Ree2 Rbb5 32. Rxd6 f4 33. Nd1 Rb4 34. a3 Rbc4 35. Nc3 Bxc3 36. bxc3 Rxc3 37. Ra6 Bc4 38. Re8+ Kg7 39. Rxa7 Rb5+ 40. Ka1 Rc1# 0-1

[Event "32.Schlosspark-Open"]
[Site "Wiesbaden-Biebrich"]
[Date "2023.08.24"]
[Round "1.9"]
[White "Weber, Samuel"]
[Black "Stegner, Marco"]
[Result "1-0"]
[WhiteElo "2276"]
[BlackElo "1824"]
[PlyCount "25"]
[EventDate "2023.??.??"]
[WhiteTeam "SV Oberursel"]
[BlackTeam "SC Landskrone"]

1. Nf3 g6 2. c4 Bg7 3. Nc3 d6 4. d3 e5 5. Rb1 a5 6. g3 f5 7. Bg5 Nf6 8. h4 h6 9. Bd2 Nc6 10. Bg2 e4 11. Ng1 Ne5 12. dxe4 Nxc4 13. Qa4+ 1-0

[Event "32.Schlosspark-Open"]
[Site "Wiesbaden-Biebrich"]
[Date "2023.08.24"]
[Round "1.10"]
[White "Schramm, Luca"]
[Black "Boidman, Yuri"]
[Result "0-1"]
[WhiteElo "1688"]
[BlackElo "2288"]
[PlyCount "30"]
[EventDate "2023.??.??"]
[WhiteTeam "SC Einrich e.V."]
[BlackTeam "SC Heimbach-Weis/Neuwied e.V."]

1. d4 d5 2. Bf4 Nf6 3. e3 c5 4. Nf3 Nc6 5. Nbd2 Bf5 6. dxc5 e6 7. Nd4 Bxc5 8. Nxf5 exf5 9. c3 O-O 10. Be2 Re8 11. O-O Ne4 12. Nb3 Bb6 13. Qc2 g5 14. Bg3 Qf6 15. Qc1 f4 0-1

[Event "32.Schlosspark-Open"]
[Site "Wiesbaden-Biebrich"]
[Date "2023.08.24"]
[Round "1.11"]
[White "Lesny, Florian"]
[Black "Fröhlich-Dill, Astrid"]
[Result "1/2-1/2"]
[WhiteElo "2232"]
[BlackElo "1775"]
[PlyCount "98"]
[EventDate "2023.??.??"]
[WhiteTeam "SK Bad Homburg 1927"]
[BlackTeam "SV 1920 Hofheim"]

1. e4 e6 2. d4 b6 3. Nf3 Bb7 4. Bd3 Nf6 5. e5 Ne4 6. Qe2 d5 7. O-O Be7 8. Nbd2 Nxd2 9. Bxd2 c5 10. c3 O-O 11. Rfe1 a5 12. Rac1 c4 13. Bb1 Nd7 14. Bf4 Re8 15. Qd2 Nf8 16. Bg5 Ng6 17. h4 Nxh4 18. Bxh4 Bxh4 19. Nxh4 Qxh4 20. Re3 f5 21. exf6 Qxf6 22. Rce1 Bc8 23. Rf3 Qe7 24. Qf4 g6 25. Qe5 Ra7 26. Rg3 Qf7 27. Ree3 Rf8 28. Ref3 Qg7 29. Qd6 Rxf3 30. Rxf3 Qe7 31. Qxb6 Qc7 32. Qxc7 Rxc7 33. Re3 Rb7 34. Re2 Kf7 35. f4 h5 36. Bc2 Kf6 37. b3 Bd7 38. Re5 cxb3 39. axb3 a4 40. bxa4 Rb2 41. Bd3 Rb3 42. Rg5 Be8 43. Kf2 Rxc3 44. Ke2 Ra3 45. g3 Rxa4 46. Ke3 Ra3 47. Kd2 Ra2+ 48. Ke3 Ra3 49. Kd2 Ra2+ 1/2-1/2

[Event "32.Schlosspark-Open"]
[Site "Wiesbaden-Biebrich"]
[Date "2023.08.24"]
[Round "1.12"]
[White "Ivkin, Michael"]
[Black "Gramb, Marius"]
[Result "1/2-1/2"]
[WhiteElo "1818"]
[BlackElo "2219"]
[PlyCount "132"]
[EventDate "2023.??.??"]
[WhiteTeam "Hamburg"]
[BlackTeam "Brühler SK 1920 e. V."]

1. d4 Nf6 2. Nf3 e6 3. e3 d5 4. Ne5 Bd6 5. Bd3 O-O 6. Nd2 b6 7. O-O Bb7 8. b3 c5 9. Bb2 Qc7 10. f4 Ne4 11. Nxe4 dxe4 12. Bc4 a6 13. a4 Bxe5 14. dxe5 Nc6 15. Bc3 Ne7 16. Qe2 Rfd8 17. Rad1 a5 18. g4 Rxd1 19. Rxd1 Rd8 20. Be1 Rd7 21. Bh4 Ng6 22. Rxd7 Qxd7 23. Bb5 Qc7 24. Bg3 h6 25. Qd2 Bc6 26. f5 Nf8 27. Bc4 Qd7 28. Qd6 Qxd6 29. exd6 exf5 30. gxf5 Bd7 31. Bh4 Bxf5 32. Bd8 Nd7 33. Bb5 g5 34. Bxd7 Bxd7 35. Bxb6 c4 36. Bxa5 cxb3 37. cxb3 Kf8 38. Bd8 f5 39. a5 Bb5 40. Kf2 Ke8 41. Be7 f4 42. h4 fxe3+ 43. Kxe3 gxh4 44. Bxh4 Kd7 45. Bg3 Bd3 46. Kd4 Kc6 47. b4 h5 48. Ke5 Bc4 49. Kxe4 h4 50. Bh2 Bf1 51. Kf5 Kd7 52. Kg4 h3 53. a6 Bxa6 54. Kxh3 Ke6 55. Kg4 Bb5 56. Kf3 Kd5 57. Bf4 Bd7 58. Ke3 Bb5 59. Bg3 Ba4 60. Kd3 Bb5+ 61. Kc3 Ba4 62. Bf4 Bd7 63. Kb3 Bb5 64. Kc3 Bd7 65. Kb3 Bb5 66. Kc3 Bd7 1/2-1/2

[Event "32.Schlosspark-Open"]
[Site "Wiesbaden-Biebrich"]
[Date "2023.08.24"]
[Round "1.13"]
[White "Euler, Gerd"]
[Black "Mehlen, Theodor"]
[Result "1-0"]
[WhiteElo "2243"]
[BlackElo "1801"]
[PlyCount "65"]
[EventDate "2023.??.??"]
[WhiteTeam "SSG Hungen-Lich"]
[BlackTeam "SC Matt im Park Ffm"]

1. e4 c5 2. Nf3 Nc6 3. d4 cxd4 4. Nxd4 e5 5. Nb5 d6 6. c4 Be6 7. f4 g6 8. Bd3 a6 9. f5 Bxc4 10. Bxc4 axb5 11. Bxb5 Qh4+ 12. Kf1 Qxe4 13. Bd3 Qh4 14. Nd2 Qd8 15. Qb3 Qc7 16. Nf3 Bh6 17. g4 Bxc1 18. Rxc1 Nf6 19. Rg1 Qd7 20. Bb1 e4 21. Qc3 O-O-O 22. Nd4 Kb8 23. Nb5 Nd5 24. Qb3 Ncb4 25. Qa4 b6 26. Bxe4 Rc8 27. Kf2 Rc5 28. Rxc5 bxc5 29. Rd1 Nb6 30. Qa5 Qd8 31. Rxd6 Qh4+ 32. Kf1 Qh3+ 33. Bg2 1-0

[Event "32.Schlosspark-Open"]
[Site "Wiesbaden-Biebrich"]
[Date "2023.08.24"]
[Round "1.14"]
[White "Meyer-Jany, Marcel"]
[Black "Kersten, Uwe"]
[Result "0-1"]
[WhiteElo "1743"]
[BlackElo "2235"]
[PlyCount "68"]
[EventDate "2023.??.??"]
[WhiteTeam "SK Herborn 1946"]
[BlackTeam "Sfr. Bad Emstal/Wolfhagen"]

1. d4 Nf6 2. c4 c5 3. d5 g6 4. Nc3 d6 5. e4 Bg7 6. h3 O-O 7. Nf3 e6 8. Bd3 Na6 9. O-O e5 10. Be3 Kh8 11. a3 Ng8 12. Rb1 f5 13. b4 f4 14. Bd2 h5 15. Be2 Rf7 16. Nh2 Bf8 17. Na4 b6 18. Nb2 Nf6 19. f3 Be7 20. b5 Nc7 21. a4 Nh7 22. Nd3 Bh4 23. a5 Bg3 24. axb6 axb6 25. Ra1 Rb8 26. Bc3 Qh4 27. Bxe5+ Kg8 28. Bxd6 Bxh3 29. gxh3 Ng5 30. Nxf4 Rxf4 31. Bxc7 Bxh2+ 32. Kh1 Qxh3 33. Rf2 Bg3+ 34. Kg1 Rh4 0-1

[Event "32.Schlosspark-Open"]
[Site "Wiesbaden-Biebrich"]
[Date "2023.08.24"]
[Round "1.15"]
[White "Bakiev, Diyor"]
[Black "Schmitt, Clemens"]
[Result "1/2-1/2"]
[WhiteElo "2182"]
[BlackElo "1798"]
[PlyCount "59"]
[EventDate "2023.??.??"]
[WhiteTeam "Wiesbadener SV 1885"]
[BlackTeam "SV Bergwinkel"]

1. e4 c5 2. Nf3 Nc6 3. Bb5 g6 4. Bxc6 bxc6 5. O-O Bg7 6. c3 Nf6 7. Re1 O-O 8. d4 cxd4 9. cxd4 Qc7 10. Nc3 Rb8 11. Qc2 d6 12. Bg5 h6 13. Bxf6 exf6 14. Nd5 Qd8 15. Qxc6 Rxb2 16. Rab1 Rxb1 17. Rxb1 Be6 18. Qa6 f5 19. Nc3 fxe4 20. Nxe4 Bf5 21. Re1 Re8 22. Qxd6 Qxd6 23. Nxd6 Rxe1+ 24. Nxe1 Be6 25. Nb5 Bxa2 26. Nxa7 Bxd4 27. Nb5 Be5 28. Nf3 Bf6 29. Nbd4 Bd5 30. h3 1/2-1/2

[Event "32.Schlosspark-Open"]
[Site "Wiesbaden-Biebrich"]
[Date "2023.08.24"]
[Round "1.16"]
[White "Zeyen, Helmut"]
[Black "Foerster-Yialamas, Lucas"]
[Result "0-1"]
[WhiteElo "1799"]
[BlackElo "2171"]
[PlyCount "58"]
[EventDate "2023.??.??"]
[WhiteTeam "Wiesbadener SV 1885"]
[BlackTeam "Sabt Frankfurter TV 1860"]

1. e4 c5 2. f4 d5 3. exd5 Nf6 4. Bb5+ Bd7 5. Bxd7+ Qxd7 6. c4 Qf5 7. Qf3 Na6 8. a3 O-O-O 9. Qh3 Ng4 10. Ne2 g6 11. Qf3 h5 12. Nbc3 Bg7 13. Nb5 Kb8 14. h3 Nf6 15. Nec3 e6 16. d6 Bf8 17. O-O Bxd6 18. d3 Be7 19. Ne4 Rd7 20. Nf2 h4 21. Be3 Nh5 22. b4 Rhd8 23. Rfd1 Nc7 24. bxc5 Nxb5 25. cxb5 Bxc5 26. Bxc5 Qxc5 27. a4 Qd4 28. Qe4 Nxf4 29. Qxd4 Rxd4 0-1

[Event "32.Schlosspark-Open"]
[Site "Wiesbaden-Biebrich"]
[Date "2023.08.24"]
[Round "1.17"]
[White "Minor, Samuel"]
[Black "Bolduan, Michael"]
[Result "1-0"]
[WhiteElo "2185"]
[BlackElo "1797"]
[PlyCount "51"]
[EventDate "2023.??.??"]
[WhiteTeam "Wiesbadener SV 1885"]
[BlackTeam "Sfr Stiller Zug Wiesbaden"]

1. e4 e6 2. d4 d5 3. Nc3 Nf6 4. e5 Nfd7 5. Nce2 c5 6. c3 Nc6 7. f4 cxd4 8. cxd4 Bb4+ 9. Bd2 Qa5 10. Nf3 O-O 11. Nc3 f6 12. a3 Bxc3 13. Bxc3 Qb6 14. Bd3 fxe5 15. fxe5 Rxf3 16. gxf3 g6 17. Bc2 Qd8 18. h4 Qf8 19. Rh3 Qh6 20. Qd2 Qh5 21. O-O-O Nf8 22. Rg1 Ne7 23. Bb4 Nf5 24. Bxf8 Kxf8 25. Rg5 Qh6 26. Rxf5+ 1-0

[Event "32.Schlosspark-Open"]
[Site "Wiesbaden-Biebrich"]
[Date "2023.08.24"]
[Round "1.18"]
[White "Hoffmann, Christian"]
[Black "Jahnel, Günther"]
[Result "0-1"]
[WhiteElo "1797"]
[BlackElo "2183"]
[PlyCount "68"]
[EventDate "2023.??.??"]
[WhiteTeam "SAbt BKA Wiesbaden"]
[BlackTeam "FVS ASP Hoyerswerda"]

1. d4 Nf6 2. e3 g6 3. f4 Bg7 4. Nf3 O-O 5. c4 d6 6. Nc3 Nbd7 7. Bd3 Re8 8. e4 e5 9. fxe5 dxe5 10. d5 c6 11. Bg5 Qb6 12. Qd2 cxd5 13. cxd5 Nc5 14. Bc2 Bd7 15. Be3 Ng4 16. Bg1 Bh6 17. Ng5 Qxb2 18. Rb1 Qa3 19. Bb3 f6 20. d6+ Ne6 21. Qd5 Bxg5 22. Qxb7 Rad8 23. Rd1 Kh8 24. Bxa7 Qa5 25. Rd3 Nc5 26. Bxc5 Qxc5 27. Nd1 Bc6 28. Qc7 Qb4+ 29. Nc3 Rc8 30. Qf7 Rf8 31. Qe6 Bxe4 32. d7 Rxc3 33. O-O Rxd3 34. Rc1 Qd4+ 0-1

[Event "32.Schlosspark-Open"]
[Site "Wiesbaden-Biebrich"]
[Date "2023.08.24"]
[Round "1.19"]
[White "Ruppert, Wolfgang"]
[Black "Rabiya, Karim"]
[Result "1-0"]
[WhiteElo "2165"]
[BlackElo "1758"]
[PlyCount "67"]
[EventDate "2023.??.??"]
[WhiteTeam "SC Flörsheim 1921"]
[BlackTeam "SK Niederbrechen 1948"]

1. e4 Nf6 2. e5 Nd5 3. d4 d6 4. c4 Nb6 5. exd6 cxd6 6. Nc3 g6 7. Be3 Bg7 8. h4 Nc6 9. h5 d5 10. c5 Nc4 11. Bxc4 dxc4 12. Nge2 Qa5 13. O-O Bf5 14. h6 Bf6 15. Nd5 Bh4 16. g3 e6 17. gxh4 exd5 18. Ng3 Bd3 19. Bd2 Qd8 20. Re1+ Kf8 21. Bg5 f6 22. Bf4 Kf7 23. Bd6 Re8 24. Qf3 Nxd4 25. Qxd5+ Ne6 26. Rxe6 Rxe6 27. Re1 Qd7 28. Rxe6 Qxe6 29. Qxb7+ Ke8 30. Qc6+ Kf7 31. Qb7+ Ke8 32. Qc6+ Kf7 33. Qb7+ Ke8 34. Qxa8+ 1-0

[Event "32.Schlosspark-Open"]
[Site "Wiesbaden-Biebrich"]
[Date "2023.08.24"]
[Round "1.20"]
[White "Meaubert, Thomas"]
[Black "Perske, Paul"]
[Result "0-1"]
[WhiteElo "1788"]
[BlackElo "2085"]
[PlyCount "70"]
[EventDate "2023.??.??"]
[WhiteTeam "SC Flörsheim 1921"]
[BlackTeam "Sfr.Heidesheim"]

1. c4 e6 2. Nc3 d5 3. e3 Nf6 4. Nf3 Be7 5. b3 O-O 6. Bb2 c5 7. cxd5 exd5 8. d4 b6 9. Be2 Be6 10. O-O Nbd7 11. Qc2 h6 12. Rfd1 Re8 13. h3 Bd6 14. Bb5 Qc7 15. Ne5 a6 16. Nxd7 Nxd7 17. Be2 cxd4 18. exd4 Nf6 19. Bf3 Rac8 20. Qd3 b5 21. Rac1 Qd7 22. Ne2 Rxc1 23. Bxc1 Bf5 24. Qd2 Rc8 25. Qe3 Be4 26. Bxe4 Nxe4 27. Qd3 Qc7 28. g3 Qc2 29. Bf4 Qxd3 30. Rxd3 Rc2 31. Bxd6 Rxe2 32. Bc7 Rxf2 33. a3 Ra2 34. b4 Rc2 35. h4 Rxc7 0-1

[Event "32.Schlosspark-Open"]
[Site "Wiesbaden-Biebrich"]
[Date "2023.08.24"]
[Round "1.21"]
[White "Henrich, Thomas"]
[Black "Schmidt, Jörg"]
[Result "1-0"]
[WhiteElo "2147"]
[BlackElo "1784"]
[Annotator "hansd"]
[PlyCount "39"]
[EventDate "2023.??.??"]
[WhiteTeam "SK Marburg 1931/72"]
[BlackTeam "SK Niederbrechen 1948"]

{[%evp 0,39,16,28,26,8,52,44,39,8,59,34,42,29,111,93,95,65,71,54,73,53,119,90,188,111,151,138,133,133,234,212,445,757,1219,1286,1465,1361,29995,29996,29997,29998]} 1. d4 d5 2. Nf3 c6 3. c4 Nf6 4. Nc3 Bf5 5. cxd5 cxd5 6. Qb3 Bc8 7. Bg5 e6 8. Rc1 a6 9. e3 Bd6 10. Bd3 Nbd7 11. O-O b5 12. e4 h6 13. Bxf6 gxf6 14. exd5 e5 15. Ne4 Nf8 16. Rc6 f5 17. Nxd6+ Ke7 18. Qb4 a5 19. Nxf5+ Ke8 20. Ng7+ 1-0

[Event "32.Schlosspark-Open"]
[Site "Wiesbaden-Biebrich"]
[Date "2023.08.24"]
[Round "1.22"]
[White "Meding, Olaf"]
[Black "Nagel, Bernhard"]
[Result "0-1"]
[WhiteElo "1770"]
[BlackElo "2146"]
[PlyCount "52"]
[EventDate "2023.??.??"]
[WhiteTeam "Sfr.Mainz 1928"]
[BlackTeam "Kölner SK Dr. Lasker 186"]

1. d4 d5 2. Bf4 e6 3. Nf3 Bd6 4. Bg3 Nf6 5. e3 O-O 6. Bd3 c5 7. c3 Qc7 8. Nbd2 Nbd7 9. O-O Bxg3 10. hxg3 e5 11. dxe5 Nxe5 12. Nxe5 Qxe5 13. Nf3 Qe7 14. Qc2 b6 15. Rad1 Bb7 16. Nh4 g6 17. Rfe1 Rfe8 18. Bb5 Red8 19. a4 c4 20. e4 Nxe4 21. Qe2 a6 22. Bxc4 dxc4 23. Rxd8+ Qxd8 24. Qxc4 Qd5 25. Qe2 Rd8 26. Nf3 Ng5 0-1

[Event "32.Schlosspark-Open"]
[Site "Wiesbaden-Biebrich"]
[Date "2023.08.24"]
[Round "1.23"]
[White "Siegert, Gregor"]
[Black "Mönch, Dorothée"]
[Result "1-0"]
[WhiteElo "1973"]
[BlackElo "1710"]
[PlyCount "49"]
[EventDate "2023.??.??"]
[WhiteTeam "Schachforum Darmstadt 1994"]
[BlackTeam "Sfr.Mainz 1928"]

1. e4 d6 2. d4 g6 3. Nc3 Bg7 4. Be3 Nf6 5. Qd2 h5 6. O-O-O Ng4 7. Bf4 e5 8. dxe5 Nxe5 9. Bxe5 Bxe5 10. f4 Bg7 11. e5 Bg4 12. Be2 O-O 13. h3 Bxe2 14. Ngxe2 Nc6 15. exd6 cxd6 16. g4 Qa5 17. f5 Rad8 18. Rhf1 b5 19. f6 b4 20. fxg7 Kxg7 21. Nb1 Qxa2 22. gxh5 Ne5 23. Qxb4 Nc4 24. Nec3 Qa6 25. b3 1-0

[Event "32.Schlosspark-Open"]
[Site "Wiesbaden-Biebrich"]
[Date "2023.08.24"]
[Round "1.24"]
[White "Gerhard, Dominik"]
[Black "Bauer, Claus"]
[Result "0-1"]
[WhiteElo "1628"]
[BlackElo "2136"]
[PlyCount "30"]
[EventDate "2023.??.??"]
[WhiteTeam "SV Oberursel"]
[BlackTeam "Sfr.Mainz 1928"]

1. c4 Nf6 2. Nc3 e5 3. Nf3 d6 4. d4 Nbd7 5. e4 Be7 6. Be2 O-O 7. O-O c6 8. h3 a6 9. Be3 b5 10. b3 b4 11. Na4 Nxe4 12. Qc2 Nef6 13. Rfd1 Qc7 14. Rac1 c5 15. dxc5 dxc5 0-1

[Event "32.Schlosspark-Open"]
[Site "Wiesbaden-Biebrich"]
[Date "2023.08.24"]
[Round "1.25"]
[White "Gundlach, Michael"]
[Black "Leitzig, Reamonn Franky James"]
[Result "1-0"]
[WhiteElo "2130"]
[BlackElo "1468"]
[PlyCount "87"]
[EventDate "2023.??.??"]
[WhiteTeam "Sfr.Mainz 1928"]
[BlackTeam "SV 1934 Ffm-Griesheim"]

1. c4 c5 2. g3 Nc6 3. Bg2 g6 4. Nc3 Bg7 5. a3 b6 6. b4 Bb7 7. Rb1 Rb8 8. Qa4 Nf6 9. d3 O-O 10. Bd2 Qc7 11. Nf3 Ne5 12. O-O Nxf3+ 13. exf3 Bc6 14. Nb5 Qb7 15. Qd1 a6 16. Nc3 d6 17. b5 axb5 18. cxb5 Bd7 19. Re1 Be6 20. f4 d5 21. Qb3 Qd7 22. Qc2 Rfd8 23. Re2 Rb7 24. Rbe1 Ra7 25. Rxe6 fxe6 26. Bh3 Qc7 27. Bxe6+ Kh8 28. f5 Rxa3 29. fxg6 hxg6 30. Bf4 Qa7 31. Nb1 Ra1 32. d4 Ne4 33. dxc5 bxc5 34. Rd1 Ra2 35. Qxe4 dxe4 36. Rxd8+ Kh7 37. Bg8+ Kh8 38. Bxa2+ Kh7 39. Bg8+ Kh8 40. Bd5+ Kh7 41. Bxe4 Qa4 42. Nd2 Qxb5 43. Nf3 Qa6 44. Ng5+ 1-0

[Event "32.Schlosspark-Open"]
[Site "Wiesbaden-Biebrich"]
[Date "2023.08.24"]
[Round "1.26"]
[White "Burkhardt, Jan"]
[Black "Mulder, Bart-Piet"]
[Result "0-1"]
[WhiteElo "1685"]
[BlackElo "2123"]
[PlyCount "76"]
[EventDate "2023.??.??"]
[WhiteTeam "Sfr.Mainz 1928"]
[BlackTeam "de Wijker Toren"]

1. e4 g6 2. f4 c6 3. Nf3 d5 4. e5 Bg4 5. d4 h5 6. Bd3 Nh6 7. h3 Bxf3 8. Qxf3 e6 9. Be3 Qb6 10. Nd2 h4 11. Nb3 a5 12. Ke2 Na6 13. a3 a4 14. Nd2 c5 15. dxc5 Bxc5 16. b4 Bxe3 17. Qxe3 Qxe3+ 18. Kxe3 Nf5+ 19. Bxf5 gxf5 20. c4 Nc7 21. Rhc1 Ke7 22. Rc2 Rhg8 23. Nf3 dxc4 24. Rxc4 Nd5+ 25. Kf2 Rac8 26. Rxc8 Rxc8 27. Nxh4 Nxf4 28. Ke3 Rc4 29. Rd1 Nd5+ 30. Rxd5 exd5 31. Nxf5+ Ke6 32. Nd6 Rc3+ 33. Kd4 Rxa3 34. Nxb7 Ra1 35. Nc5+ Ke7 36. Kxd5 a3 37. Nb3 Rb1 38. Nd4 Rd1 0-1

[Event "32.Schlosspark-Open"]
[Site "Wiesbaden-Biebrich"]
[Date "2023.08.24"]
[Round "1.27"]
[White "Sydykov, Bayastan"]
[Black "Kähm, Kevin"]
[Result "1-0"]
[WhiteElo "1940"]
[BlackElo "1682"]
[PlyCount "67"]
[EventDate "2023.??.??"]
[WhiteTeam "SK 1858 Gießen"]
[BlackTeam "SK 1959 Bischofsheim"]

1. e4 e6 2. d4 d5 3. e5 c5 4. c3 Ne7 5. Nf3 Nbc6 6. a3 Ng6 7. h4 Be7 8. h5 Nf8 9. Bd3 h6 10. b4 cxd4 11. cxd4 a5 12. b5 Na7 13. Nbd2 Bd7 14. Qe2 Rc8 15. Bb2 Qb6 16. a4 Bb4 17. O-O Nh7 18. Nb3 O-O 19. Nc5 Rc7 20. Ba3 Rfc8 21. Bxb4 axb4 22. a5 Qxc5 23. dxc5 Rxc5 24. Nd4 Ng5 25. b6 Nc6 26. Nxc6 Bxc6 27. Rfc1 Rc3 28. Rxc3 bxc3 29. Rc1 d4 30. f4 Nh7 31. Bxh7+ Kxh7 32. Qd3+ Kh8 33. Qxd4 c2 34. Rxc2 1-0